000 00886nam a22002417a 4500
005 20100814095637.0
010 _aENG-100199
020 _c2000.00
_a8190193600
035 _aEN-83731
037 _bDBAD/PUB
082 _a792.8028092
100 _aChandran, Geeta
_913781
245 _aSo many journeys :
_bGeeta Chandran [and] Rajiv Chandran
_cby Bharatanatyam Dance /
260 _aNew Delhi
_bNiyogi Offset
_c2005
270 _aD-78, Okhla Industrial Area, Phase-I
_bNew Delhi
_e110020
300 _a219 p.
_c22cm (Hb)
490 _aThe Adyar Library Genral eries Volume Four
_913782
650 _aDance
_913783
650 _aDancer
_913784
700 _912834
_aChandran, Rajiv
942 _2ddc
_cEN
_h792.8028092
_mCHA
999 _c41808
_d41808